[Event "ICS rated bullet match"]
[Site "204.178.125.65"]
[Date "1999.12.07"]
[Round "?"]
[White "Hossa"]
[Black "MissSilicon"]
[Result "0-1"]
[WhiteElo "2560"]
[BlackElo "2521"]
[PlyCount "182"]
[EventDate "1999.??.??"]

1. e4 c5 2. Nf3 e6 3. d4 cxd4 4. Nxd4 Nc6 5. Nc3 a6 6. Be2 Qc7 7. O-O Nxd4 8.
Qxd4 Bd6 9. g3 Be5 10. Qd3 Bxc3 11. bxc3 Nf6 12. Rd1 Qe5 13. Bf3 Qa5 14. c4 O-O
15. Ba3 Re8 16. Bd6 e5 17. a3 Re6 18. c5 g6 19. Rab1 Kg7 20. c4 h6 21. Qe3 h5
22. Bg2 Ng4 23. Qd3 g5 24. f3 Nh6 25. Bh3 g4 26. fxg4 hxg4 27. Bg2 f6 28. Rf1
Nf7 29. Qe2 Nh6 30. Rb3 Qa4 31. Rfb1 a5 32. Qf1 Nf7 33. Qd1 Nh6 34. Qd3 Nf7 35.
Bc7 Qc6 36. Bb6 a4 37. Rb5 Ng5 38. Qd1 Kf8 39. Qxg4 Ra6 40. h4 Nf7 41. Bh3 Re8
42. Qf5 d6 43. Qf1 Bxh3 44. Qxh3 Qxe4 45. cxd6 Nxd6 46. Bc5 Qxc4 47. Qf1 Qxf1+
48. Rxf1 Kg8 49. Bxd6 Rxd6 50. Rxb7 Rf8 51. Re7 Rd3 52. Kg2 Rxa3 53. h5 Ra2+
54. Kf3 Rh2 55. g4 Rh3+ 56. Kg2 Re3 57. Kf2 Rc3 58. Kg2 Rc4 59. Kg3 Rf7 60.
Rxf7 Kxf7 61. g5 Rf4 62. g6+ Kg7 63. Rh1 Kh6 64. Rh3 Rf5 65. Kg2 Rg5+ 66. Kf1
f5 67. Ke2 f4 68. Kf2 a3 69. Rxa3 Kxh5 70. Ra6 Rxg6 71. Ra5 Rg5 72. Ra8 Kg4 73.
Re8 Rh5 74. Re7 Rh2+ 75. Kg1 Re2 76. Kf1 Kf3 77. Rh7 Rf2+ 78. Ke1 e4 79. Rh3+
Kg2 80. Rh8 Rf1+ 81. Kd2 Rh1 82. Rf8 Kf3 83. Kc3 e3 84. Rh8 Rxh8 85. Kd4 e2 86.
Kd5 e1=Q 87. Kd6 Qd2+ 88. Ke6 Re8+ 89. Kf6 Qd6+ 90. Kg5 Re5+ 91. Kh4 Qh6# 0-1

[Event "ICS rated blitz match"]
[Site "204.178.125.65"]
[Date "1999.12.07"]
[Round "?"]
[White "Hossa"]
[Black "PostModernist"]
[Result "1-0"]
[WhiteElo "2469"]
[BlackElo "2658"]
[PlyCount "143"]
[EventDate "1999.??.??"]

1. e4 c5 2. c3 Nf6 3. e5 Nd5 4. d4 cxd4 5. cxd4 Nc6 6. Nf3 d6 7. Be2 Bg4 8. O-O
e6 9. Re1 Bxf3 10. Bxf3 dxe5 11. dxe5 Bb4 12. Nd2 O-O 13. a3 Ba5 14. b4 Bb6 15.
Bb2 Qh4 16. g3 Qh3 17. Ne4 Rad8 18. Bg4 Qh6 19. Qe2 Bd4 20. Bxd4 Nxd4 21. Qb2
Nb5 22. a4 Nbc7 23. Qd4 b6 24. Red1 Rd7 25. a5 Rfd8 26. axb6 axb6 27. Qc4 f5
28. exf6 Qg6 29. f3 h5 30. Bh3 Nf4 31. Rxd7 Nxh3+ 32. Kg2 Rxd7 33. Kxh3 gxf6
34. Ra7 Qg7 35. Qc6 Rf7 36. Qxb6 f5 37. Nc5 Kh7 38. Qd6 Nb5 39. Rxf7 Nxd6 40.
Rxg7+ Kxg7 41. Nxe6+ Kf6 42. Nc7 Nc4 43. Nd5+ Ke5 44. Nf4 Ne3 45. Nxh5 Kd4 46.
Kh4 Nf1 47. Kg5 Nxh2 48. f4 Kc4 49. Kxf5 Kxb4 50. Nf6 Nf3 51. Ke4 Nd2+ 52. Kd5
Nf3 53. g4 Nh4 54. Ke4 Kc5 55. g5 Kd6 56. f5 Ke7 57. Nd5+ Kf7 58. Ne3 Kg8 59.
Kf4 Kg7 60. Kg4 Ng6 61. fxg6 Kxg6 62. Nd5 Kf7 63. Kf5 Kg7 64. Nf4 Kf8 65. g6
Ke7 66. g7 Kf7 67. Ne6 Ke7 68. g8=Q Kd7 69. Qa8 Kd6 70. Qc8 Ke7 71. Qd8+ Kf7
72. Qf8# 1-0

[Event "ICS rated blitz match"]
[Site "204.178.125.65"]
[Date "1999.12.07"]
[Round "?"]
[White "PostModernist"]
[Black "Hossa"]
[Result "0-1"]
[WhiteElo "2634"]
[BlackElo "2493"]
[PlyCount "234"]
[EventDate "1999.??.??"]

1. d4 d5 2. Nf3 Nf6 3. Bg5 e6 4. e3 Be7 5. Nbd2 Nbd7 6. Bd3 h6 7. Bh4 c5 8. c3
O-O 9. O-O b6 10. Ne5 Bb7 11. f4 cxd4 12. exd4 Ne4 13. Bxe7 Qxe7 14. Nxd7 Qxd7
15. Re1 Nf6 16. g4 Nh7 17. g5 hxg5 18. Bxh7+ Kxh7 19. Qh5+ Kg8 20. fxg5 Qb5 21.
Nb3 Qd3 22. Re2 Qh7 23. Qxh7+ Kxh7 24. Rf2 Kg6 25. h4 Rh8 26. Rf4 Ba6 27. Nd2
Be2 28. Kf2 Bh5 29. Nf3 Bxf3 30. Kxf3 Rae8 31. Re1 a6 32. a4 Rh5 33. Kg3 Rc8
34. Re3 Rc7 35. Ref3 Rh8 36. Kg4 a5 37. b3 Rh7 38. b4 Rh8 39. b5 Rb7 40. Rf2
Rc7 41. R4f3 Rh7 42. Rf1 Re7 43. Rh3 Rh5 44. Rf4 Rc7 45. Rhf3 Rh7 46. Kh3 Ra7
47. Rg3 Rb7 48. Re3 Rb8 49. Ref3 Rf8 50. Kg3 Rh5 51. Re3 Rc8 52. Kh3 Rhh8 53.
Kg4 Rh7 54. Ref3 Rf8 55. Rg3 Rfh8 56. Kh3 Rh5 57. Rgf3 Rf8 58. Rg4 Rh7 59. Kg3
Rh5 60. Kg2 Rfh8 61. Kh3 Rc8 62. Kh2 Rc4 63. Kg3 Rxa4 64. Rgf4 e5 65. dxe5 Re4
66. Rxe4 dxe4 67. Rf4 Rh8 68. Rxe4 Kf5 69. Rf4+ Ke6 70. c4 Rd8 71. Kg4 Rd1 72.
Re4 Rg1+ 73. Kf3 Kf5 74. c5 Rf1+ 75. Ke2 Rb1 76. Ra4 Rxb5 77. cxb6 Rxe5+ 78.
Kd2 Rb5 79. Kd3 Kg6 80. Kc4 Rxb6 81. Rxa5 Kh5 82. Ra4 Rb2 83. Kd5 Rh2 84. Rf4
Rxh4 85. Rxf7 g6 86. Rf1 Kxg5 87. Ke6 Kh5 88. Ke5 g5 89. Rf8 Ra4 90. Rh8+ Kg4
91. Rh1 Kf3 92. Rh3+ Kg2 93. Rh7 g4 94. Rh4 Ra5+ 95. Ke4 g3 96. Rh8 Ra3 97. Rb8
Kh2 98. Rh8+ Kg1 99. Ke5 g2 100. Ke4 Kf2 101. Rf8+ Ke2 102. Rg8 Ra4+ 103. Ke5
Kf3 104. Rxg2 Ra5+ 105. Kd4 Kxg2 106. Ke4 Kg3 107. Ke3 Ra4 108. Kd3 Kf3 109.
Kc3 Ke3 110. Kb3 Re4 111. Kc3 Ke2 112. Kc2 Re3 113. Kc1 Kd3 114. Kb2 Kd2 115.
Kb1 Kc3 116. Ka1 Kb3 117. Kb1 Re1# 0-1

[Event "ICS rated blitz match"]
[Site "204.178.125.65"]
[Date "1999.12.07"]
[Round "?"]
[White "Hossa"]
[Black "PostModernist"]
[Result "1/2-1/2"]
[WhiteElo "2515"]
[BlackElo "2612"]
[PlyCount "156"]
[EventDate "1999.??.??"]

1. e4 c5 2. c3 d5 3. exd5 Qxd5 4. d4 Nf6 5. Nf3 e6 6. Bd3 cxd4 7. cxd4 Nc6 8.
O-O Be7 9. Nc3 Qd6 10. Nb5 Qd8 11. Be3 O-O 12. Rc1 a6 13. Nc3 Nb4 14. Bb1 b5
15. Re1 Bb7 16. Ne5 Rc8 17. Bg5 h6 18. Bxf6 Bxf6 19. a3 Bxe5 20. Rxe5 Nc6 21.
Qd3 f5 22. Rxe6 Nxd4 23. Rg6 Qh4 24. Re1 Rfe8 25. Qd2 Red8 26. Qe3 Re8 27. Qd2
Kh8 28. Ba2 Qf4 29. Re3 Kh7 30. Rgg3 g5 31. Qd1 Qh4 32. Rxe8 Rxe8 33. Re3 Bxg2
34. Rxe8 Bf3 35. Re7+ Kg6 36. Qd3 Qg4+ 37. Kf1 Bg2+ 38. Ke1 Nf3+ 39. Kd1 Ne5+
40. Qe2 Bf3 41. Re6+ Kh5 42. Rxe5 Qg1+ 43. Kd2 Bxe2 44. Kxe2 Qg4+ 45. Kf1 Qh3+
46. Ke1 Qxh2 47. Rxf5 Qg1+ 48. Kd2 Kh4 49. Rf6 h5 50. Bd5 a5 51. Nxb5 Qb1 52.
Kc3 Qc1+ 53. Kb3 Qd1+ 54. Kc4 Qc1+ 55. Nc3 Qxb2 56. a4 Qc1 57. Bf7 Qd2 58. Nd5
g4 59. Kb5 Kg5 60. Kb6 Qd4+ 61. Kxa5 Qc5+ 62. Ka6 Qc4+ 63. Kb6 Qxa4 64. Rg6+
Kh4 65. Rh6 Qd4+ 66. Kb7 Qb2+ 67. Nb6 Qxf2 68. Rxh5+ Kg3 69. Bd5 Qc5 70. Re5
Kf2 71. Nd7 Qb5+ 72. Kc7 g3 73. Rg5 Qxd5 74. Rxd5 g2 75. Rd2+ Kf1 76. Rd1+ Kf2
77. Kd6 g1=Q 78. Rxg1 Kxg1 1/2-1/2

[Event "ICS rated blitz match"]
[Site "204.178.125.65"]
[Date "1999.12.07"]
[Round "?"]
[White "PostModernist"]
[Black "Hossa"]
[Result "0-1"]
[WhiteElo "2608"]
[BlackElo "2513"]
[PlyCount "104"]
[EventDate "1999.??.??"]

1. e4 e5 2. Bc4 Nf6 3. d4 exd4 4. Nf3 Bb4+ 5. c3 dxc3 6. bxc3 Be7 7. e5 Ng4 8.
h3 Nh6 9. Bxh6 gxh6 10. Qd5 O-O 11. Bd3 Bg5 12. O-O Kg7 13. Qe4 Rh8 14. h4 Be7
15. Qg4+ Kf8 16. Qh5 Kg7 17. Rd1 a6 18. Nd4 d6 19. exd6 Bxd6 20. Nd2 Nc6 21.
Nxc6 bxc6 22. Ne4 Re8 23. g4 Qd7 24. Nxd6 cxd6 25. Bf5 Qe7 26. Bxc8 Raxc8 27.
Rab1 Rb8 28. Rb4 Rxb4 29. cxb4 d5 30. Rc1 Qxb4 31. Rxc6 Re1+ 32. Kg2 Qe4+ 33.
f3 Qe2+ 34. Kg3 Qd2 35. Qxh6+ Qxh6 36. Rxh6 Kxh6 37. Kf2 Ra1 38. Ke3 Rxa2 39.
Kd4 Rd2+ 40. Ke5 Kg7 41. h5 a5 42. Kf4 Re2 43. Kg3 a4 44. g5 a3 45. h6+ Kg6 46.
f4 a2 47. Kf3 Re4 48. Kg3 a1=Q 49. Kg2 Re2+ 50. Kf3 Qf1+ 51. Kg4 Rg2+ 52. Kh4
Qh1# 0-1

[Event "ICS rated blitz match"]
[Site "204.178.125.65"]
[Date "1999.12.07"]
[Round "?"]
[White "Hossa"]
[Black "PostModernist"]
[Result "0-1"]
[WhiteElo "2533"]
[BlackElo "2588"]
[PlyCount "84"]
[EventDate "1999.??.??"]

1. e4 c5 2. c3 e6 3. d4 d5 4. e5 Nc6 5. Nf3 Bd7 6. Be2 c4 7. O-O Be7 8. b3 b5
9. a4 a6 10. axb5 axb5 11. Rxa8 Qxa8 12. bxc4 bxc4 13. Re1 Bd8 14. Ba3 Nge7 15.
Qc2 Bc7 16. Bd6 Bxd6 17. exd6 Nc8 18. Ne5 Nxd6 19. Nxd7 Kxd7 20. Qd2 Rb8 21.
Bf3 Qa1 22. Qc2 Rb2 23. Qd1 Nb5 24. Bh5 g6 25. Bg4 Rb3 26. Kf1 f5 27. Bf3 Nxc3
28. Nxc3 Qxc3 29. Re3 Qb4 30. Re1 Rb2 31. Qa1 c3 32. Qa8 c2 33. Qa4 Qxa4 34.
Rc1 Rb1 35. g4 Rxc1+ 36. Kg2 Nxd4 37. Be4 Ne2 38. Bxf5 Rg1+ 39. Kh3 Qa3+ 40. f3
Nf4+ 41. Kh4 Qe7+ 42. g5 Qxg5# 0-1

[Event "ICS rated blitz match"]
[Site "204.178.125.65"]
[Date "1999.12.07"]
[Round "?"]
[White "MissSilicon"]
[Black "Hossa"]
[Result "1-0"]
[WhiteElo "2704"]
[BlackElo "2520"]
[PlyCount "207"]
[EventDate "1999.??.??"]

1. e4 c5 2. Nf3 e6 3. d4 cxd4 4. Nxd4 Nc6 5. Nc3 a6 6. Be2 Qc7 7. Be3 b5 8.
Nxc6 dxc6 9. O-O Bb7 10. g3 Rd8 11. Bd3 b4 12. Na4 c5 13. Qe2 Qc6 14. b3 Nf6
15. f3 Bd6 16. c3 bxc3 17. Rac1 Nd7 18. Rxc3 Be5 19. Rc2 Qd6 20. Nb2 Bxb2 21.
Rxb2 Ne5 22. Bb1 Nc6 23. Qc4 Nd4 24. f4 f5 25. b4 Qb6 26. Qxc5 Qxc5 27. bxc5
Bxe4 28. Bxe4 fxe4 29. Bxd4 Rxd4 30. Rb8+ Rd8 31. Rxd8+ Kxd8 32. Re1 Kd7 33.
Rxe4 Rc8 34. Re5 Rb8 35. Re1 a5 36. c6+ Kd6 37. c7 Kxc7 38. Rxe6 Rb1+ 39. Kg2
Rb2+ 40. Kh3 Kd8 41. Ra6 Rxa2 42. Ra7 Rd2 43. Rxg7 Rd7 44. Rg5 Ra7 45. Rg8+ Kc7
46. Rg7+ Kb6 47. Rxa7 Kxa7 48. f5 a4 49. f6 a3 50. f7 a2 51. f8=Q a1=Q 52. Qe7+
Ka6 53. Qxh7 Qf1+ 54. Kg4 Qc4+ 55. Kf3 Qd5+ 56. Qe4 Qb3+ 57. Qe3 Qd5+ 58. Kf2
Qf5+ 59. Qf3 Qc5+ 60. Kg2 Qc2+ 61. Qf2 Qc6+ 62. Kg1 Qh6 63. Qf1+ Kb6 64. h4 Qh5
65. Qf6+ Kb7 66. Qe7+ Kc6 67. Qe6+ Kc5 68. Qc8+ Kd6 69. Qa6+ Kc7 70. Qc4+ Kd6
71. Qd3+ Kc7 72. Qc2+ Kb8 73. Qb3+ Kc7 74. Qc3+ Kd7 75. Qd2+ Kc6 76. Qg2+ Kd6
77. Qa2 Qh8 78. Qa3+ Ke6 79. Qa6+ Kf5 80. Qb5+ Kg6 81. Qd3+ Kh5 82. Qe2+ Kh6
83. Qe3+ Kg6 84. Qb6+ Kh7 85. Qc7+ Kg6 86. Qd6+ Kf5 87. Qf4+ Ke6 88. Qe3+ Kd7
89. Qa7+ Ke6 90. Qb6+ Kf5 91. Qb1+ Kg4 92. Kh2 Qd4 93. Qg6+ Kf3 94. Qh5+ Ke3
95. Qh6+ Ke2 96. Qe6+ Kd1 97. Qb3+ Kc1 98. Qa2 Qd2+ 99. Qxd2+ Kb1 100. h5 Ka1
101. h6 Kb1 102. h7 Ka1 103. h8=Q+ Kb1 104. Qdb2# 1-0

[Event "ICS rated blitz match"]
[Site "204.178.125.65"]
[Date "1999.12.07"]
[Round "?"]
[White "Hossa"]
[Black "MissSilicon"]
[Result "1-0"]
[WhiteElo "2512"]
[BlackElo "2712"]
[PlyCount "96"]
[EventDate "1999.??.??"]

1. e4 c5 2. Nf3 Nc6 3. d4 cxd4 4. Nxd4 d5 5. Nxc6 bxc6 6. exd5 Bf5 7. Nc3 Nf6
8. dxc6 Qxd1+ 9. Nxd1 a6 10. Ne3 Be4 11. c7 Kd7 12. f3 Bb7 13. Bd2 Kxc7 14.
Ba5+ Kb8 15. Nc4 Nd5 16. O-O-O f6 17. Nb6 Nxb6 18. Bxb6 Bc8 19. Bd3 f5 20. Rhe1
h6 21. Bc4 h5 22. Bd5 Bb7 23. Be6 Bc6 24. Bxf5 Kb7 25. Bc5 Re8 26. Bg6 Rc8 27.
Bxe7 Kb6 28. Bxf8 Rcxf8 29. Re7 Rfg8 30. c3 Rh6 31. Rd6 a5 32. b4 axb4 33. cxb4
Rc8 34. Rxg7 Rc7 35. Rg8 Ka7 36. Kb2 h4 37. Rf8 h3 38. g3 Bb5 39. Rf5 Rb7 40.
a4 Bd7 41. Ra5+ Kb8 42. Kb3 Kc7 43. Rda6 Kd8 44. Rc5 Rb8 45. Rd5 Rb7 46. a5 Rc7
47. b5 Rb7 48. Kb4 Ke7 1-0

[Event "ICS rated blitz match"]
[Site "204.178.125.65"]
[Date "1999.12.07"]
[Round "?"]
[White "Hossa"]
[Black "Beadle"]
[Result "1-0"]
[WhiteElo "2536"]
[BlackElo "2702"]
[PlyCount "89"]
[EventDate "1999.??.??"]

1. e4 Nf6 2. e5 Nd5 3. c4 Nb6 4. d4 d6 5. exd6 exd6 6. Nf3 Nc6 7. d5 Ne5 8.
Nbd2 Bg4 9. Be2 Bf5 10. O-O Qf6 11. Nd4 O-O-O 12. Nxf5 Qxf5 13. a4 g5 14. a5
Nbd7 15. a6 b6 16. Re1 Be7 17. Nb3 Bf6 18. Nd4 Qe4 19. Nb5 Kb8 20. Ra3 Rde8 21.
Bd2 Nxc4 22. Ra4 Nxd2 23. Rxe4 Nxe4 24. Qc1 Nec5 25. b4 Nxa6 26. Qa3 Kb7 27.
Qa4 Ne5 28. Ra1 Nf3+ 29. gxf3 Bxa1 30. Nxd6+ Kb8 31. Nxe8 Nxb4 32. d6 cxd6 33.
Qd7 Rxe8 34. Qxe8+ Kc7 35. Qe7+ Kc8 36. Qxg5 Bc3 37. Qc1 Na2 38. Qc2 a5 39.
Qxa2 Bd4 40. Qxf7 Be5 41. Bb5 Bxh2+ 42. Kxh2 h5 43. Bc6 d5 44. Qd7+ Kb8 45.
Qb7# 1-0

[Event "ICS rated blitz match"]
[Site "204.178.125.65"]
[Date "1999.12.07"]
[Round "?"]
[White "MissSilicon"]
[Black "Hossa"]
[Result "1-0"]
[WhiteElo "2665"]
[BlackElo "2559"]
[PlyCount "81"]
[EventDate "1999.??.??"]

1. f4 d5 2. e3 c5 3. b3 Nc6 4. Nf3 Bf5 5. Bb5 e6 6. Bb2 Nf6 7. Ne5 Qc7 8. g4
Be4 9. O-O a6 10. Bxc6+ bxc6 11. d3 Bg6 12. e4 dxe4 13. Nxg6 hxg6 14. dxe4 Nxe4
15. Qf3 Ng5 16. Qe3 O-O-O 17. Kg2 Nh7 18. Qe2 Kb7 19. Nd2 Qe7 20. Nc4 Qh4 21.
Na5+ Kb6 22. Nc4+ Kc7 23. Be5+ Kb7 24. Rad1 Rxd1 25. Na5+ Kb6 26. Qxd1 Qe7 27.
Nc4+ Ka7 28. Nd6 Ka8 29. Qd3 c4 30. Qxc4 Qb7 31. Nxb7 Kxb7 32. Qd3 Nf6 33. Qd8
a5 34. Qc7+ Ka6 35. Qc8+ Kb6 36. Bc7+ Kc5 37. Qa6 Rxh2+ 38. Kxh2 Nxg4+ 39. Kg3
Kd4 40. Qc4+ Ke3 41. Qd3# 1-0

[Event "ICS rated blitz match"]
[Site "204.178.125.65"]
[Date "1999.12.07"]
[Round "?"]
[White "DrHugoELO"]
[Black "Hossa"]
[Result "0-1"]
[WhiteElo "2168"]
[BlackElo "2548"]
[PlyCount "48"]
[EventDate "1999.??.??"]

1. d4 d5 2. Nf3 Nf6 3. Bf4 Bf5 4. e3 e6 5. Bd3 Bd6 6. Bxd6 Qxd6 7. O-O O-O 8.
Bxf5 exf5 9. Qd3 Qe6 10. Nbd2 Re8 11. c4 dxc4 12. Nxc4 Nc6 13. h3 Ne4 14. Rac1
Rad8 15. Qb3 Qc8 16. Rc2 Re7 17. Rfc1 f4 18. Nce5 fxe3 19. Qxe3 Nxd4 20. Nxd4
Rxe5 21. Rxc7 Qb8 22. Qf4 Re7 23. Nf5 Rxc7 24. Rc5 Rxc5 0-1

[Event "ICS rated blitz match"]
[Site "204.178.125.65"]
[Date "1999.12.07"]
[Round "?"]
[White "Hossa"]
[Black "DrHugoELO"]
[Result "1-0"]
[WhiteElo "2551"]
[BlackElo "2165"]
[PlyCount "83"]
[EventDate "1999.??.??"]

1. f4 d5 2. e3 g6 3. d4 Bg7 4. Bd3 Nh6 5. Ne2 Bf5 6. O-O c6 7. c4 Bxd3 8. Qxd3
O-O 9. e4 dxe4 10. Qxe4 Nf5 11. Rd1 Nd7 12. Nbc3 Nf6 13. Qd3 e6 14. Rb1 Qc7 15.
b3 Rfd8 16. b4 Rd7 17. Na4 b6 18. Bb2 Rad8 19. Qf3 h5 20. h3 Ne8 21. Qe4 Ned6
22. Qd3 Nxc4 23. Qxc4 b5 24. Qc5 bxa4 25. Rbc1 Qb6 26. Qxb6 axb6 27. Rxc6 b5
28. Kf2 Nxd4 29. Bxd4 Bxd4+ 30. Kf3 Bf6 31. Rxd7 Rxd7 32. Ke3 Rd5 33. g4 hxg4
34. hxg4 Kg7 35. g5 Be7 36. a3 Rd1 37. Nc3 Rc1 38. Kd3 e5 39. fxe5 Bxg5 40. Rc5
Ra1 41. e6 Bc1 42. e7 1-0

[Event "ICS rated blitz match"]
[Site "204.178.125.65"]
[Date "1999.12.07"]
[Round "?"]
[White "PostModernist"]
[Black "Hossa"]
[Result "1-0"]
[WhiteElo "2601"]
[BlackElo "2554"]
[PlyCount "129"]
[EventDate "1999.??.??"]

1. e4 e5 2. Nf3 Nc6 3. Bb5 a6 4. Ba4 Nf6 5. O-O Be7 6. Re1 b5 7. Bb3 d6 8. c3
O-O 9. h3 Na5 10. Bc2 c5 11. d4 Qc7 12. Nbd2 cxd4 13. cxd4 Nc6 14. a3 Bb7 15.
d5 Na5 16. b4 Rfc8 17. Ra2 Nc4 18. Qe2 Nxd2 19. Bxd2 Qc4 20. Qxc4 bxc4 21. Bc3
Nd7 22. Nd2 f5 23. Nf1 fxe4 24. Bxe4 Rf8 25. Ne3 Nf6 26. Bf5 Kh8 27. Be6 Ne4
28. Rc2 Bh4 29. g3 Bf6 30. Nxc4 Nxc3 31. Rxc3 Rad8 32. Na5 Bc8 33. Rc6 Be7 34.
Bxc8 Rxc8 35. Rec1 Ra8 36. Nb7 h5 37. Nxd6 Rad8 38. Ne4 Rxd5 39. Rxa6 Rd4 40.
Re1 Rd7 41. Ra5 Bf6 42. b5 Rc8 43. Ra6 Be7 44. a4 Rcd8 45. Re6 Bb4 46. Rb1 Rd4
47. Rxe5 g6 48. b6 Bf8 49. a5 Bg7 50. Re6 Bf8 51. b7 Rb8 52. a6 Ra4 53. Nf6 h4
54. Re8 Rxe8 55. Nxe8 hxg3 56. b8=Q gxf2+ 57. Kxf2 Rxa6 58. Qe5+ Kg8 59. Rb7
Ra2+ 60. Kf1 Ra6 61. Nf6+ Rxf6+ 62. Qxf6 Be7 63. Rb8+ Bd8 64. Rxd8+ Kh7 65.
Qh8# 1-0

[Event "ICS rated blitz match"]
[Site "204.178.125.65"]
[Date "1999.12.08"]
[Round "?"]
[White "Hossa"]
[Black "PostModernist"]
[Result "0-1"]
[WhiteElo "2540"]
[BlackElo "2615"]
[PlyCount "140"]
[EventDate "1999.??.??"]

1. f4 Nf6 2. Nf3 c5 3. e3 d5 4. d4 Nc6 5. Be2 e6 6. O-O Bd6 7. c4 O-O 8. Nc3
Re8 9. Ne5 cxd4 10. exd4 dxc4 11. Bxc4 Bd7 12. Nb5 Be7 13. f5 Nxe5 14. dxe5
Bc5+ 15. Kh1 Ne4 16. f6 Nf2+ 17. Rxf2 Bxf2 18. Nd6 Qa5 19. Qf1 Bh4 20. fxg7 Re7
21. Qe2 Bc6 22. Bh6 Rd7 23. Rf1 Bd5 24. Bb5 Bc6 25. Bxc6 bxc6 26. a3 Rb8 27.
Qe4 Qa6 28. Nc4 Bf2 29. Qc2 Bd4 30. Qd3 Qb5 31. Qe2 Bxb2 32. Rb1 Qa4 33. Nd6
Rb6 34. Nc4 Rb3 35. Qc2 Bxe5 36. Rxb3 Qxc4 37. Qb1 Qd4 38. g4 Qd5+ 39. Kg1 Bd4+
40. Be3 Rb7 41. Qa1 Bxa1 42. Rxb7 Bd4 43. Bf2 Qe4 44. Bxd4 Qxd4+ 45. Kf1 Qf4+
46. Kg2 Qxg4+ 47. Kh1 Qf3+ 48. Kg1 Qxa3 49. Kg2 Qa2+ 50. Kg3 a5 51. Rc7 Qb3+
52. Kg2 Qd5+ 53. Kf2 Qh1 54. Kg3 Qg1+ 55. Kf3 Qxh2 56. Ra7 Qh3+ 57. Kf2 Qf5+
58. Kg2 Qg4+ 59. Kf1 Qf3+ 60. Ke1 Qe3+ 61. Kd1 Qxa7 62. Kc2 Qf2+ 63. Kd3 a4 64.
Ke4 Qf5+ 65. Kd4 a3 66. Kc3 a2 67. Kb2 Qb1+ 68. Kc3 a1=Q+ 69. Kd2 Qd4+ 70. Ke2
Qbd1# 0-1

[Event "ICS rated blitz match"]
[Site "204.178.125.65"]
[Date "1999.12.08"]
[Round "?"]
[White "HelterSkelter"]
[Black "Hossa"]
[Result "1/2-1/2"]
[WhiteElo "2549"]
[BlackElo "2527"]
[PlyCount "72"]
[EventDate "1999.??.??"]

1. e4 e5 2. Nf3 Nc6 3. Bb5 a6 4. Ba4 Nf6 5. O-O Be7 6. Re1 b5 7. Bb3 O-O 8. c3
d5 9. exd5 Nxd5 10. Nxe5 Nxe5 11. Rxe5 c6 12. d4 Bd6 13. Re1 Qh4 14. g3 Qh3 15.
Be3 Bg4 16. Qd3 Rae8 17. Nd2 Re7 18. Bg5 f6 19. Rxe7 Bxe7 20. Re1 Be6 21. Bh4
Re8 22. c4 Bf5 23. Qe2 Bg4 24. f3 bxc4 25. Qxc4 Bd7 26. Qxa6 g5 27. Bxd5+ cxd5
28. Rxe7 Rxe7 29. Qxf6 Re2 30. Qxg5+ Kh8 31. Qd8+ Kg7 32. Qf6+ Kg8 33. Qg5+ Kh8
34. Qf6+ Kg8 35. Qd8+ Kf7 36. Qf6+ Kg8 1/2-1/2

[Event "ICS Rated standard match"]
[Site "204.178.125.65"]
[Date "1999.12.08"]
[Round "?"]
[White "star"]
[Black "Hossa"]
[Result "1-0"]
[WhiteElo "2402"]
[BlackElo "2193"]
[PlyCount "133"]

1. d4 d5 2. Nf3 Nf6 3. e3 e6 4. Bd3 Bd6 5. c4 O-O 6. c5 Be7 7. Nc3 b6 8. cxb6
axb6 9. O-O Ba6 10. Bxa6 Nxa6 11. a3 c5 12. b3 cxd4 13. exd4 Qc7 14. Bb2 Rfc8
15. Rc1 Qb7 16. Qd3 Ne4 17. Rfe1 Nxc3 18. Rxc3 Rxc3 19. Qxc3 Rc8 20. Qd3 Nb8
21. Qd2 Nc6 22. Rc1 Bd6 23. Qe3 Qb8 24. Ne5 Nxe5 25. dxe5 Be7 26. a4 Rxc1+ 27.
Qxc1 Qb7 28. Bd4 Bb4 29. f4 h5 30. g3 g6 31. Qc2 Be7 32. Qf2 Bd8 33. Qd2 Qa6
34. Kg2 Kg7 35. Qe3 Qa5 36. Kf1 Qb4 37. h3 Kf8 38. g4 hxg4 39. hxg4 g5 40. f5
Ke8 41. Ke2 Bc7 42. Kf2 Kd7 43. Qc3 Qxc3 44. Bxc3 Kc6 45. b4 exf5 46. gxf5 d4
47. Bxd4 Kd5 48. Ke3 g4 49. f6 Bd8 50. Bc3 g3 51. Kf3 Bc7 52. a5 bxa5 53. bxa5
Bb8 54. Bd4 g2 55. Kxg2 Bc7 56. a6 Bb8 57. Kf3 Kc6 58. Ke4 Bc7 59. e6 fxe6 60.
a7 Kb7 61. Bc5 Ba5 62. f7 Bc7 63. f8=Q Bd8 64. Qxd8 Kc6 65. a8=Q+ Kxc5 66. Qd4+
Kb5 67. Qaa4# 1-0

[Event "ICS rated blitz match"]
[Site "204.178.125.65"]
[Date "1999.12.08"]
[Round "?"]
[White "Hossa"]
[Black "PostModernist"]
[Result "1/2-1/2"]
[WhiteElo "2519"]
[BlackElo "2629"]
[PlyCount "30"]

1. e4 c5 2. Nf3 Nc6 3. d4 cxd4 4. Nxd4 Nf6 5. Nc3 d6 6. Bg5 e6 7. Qd2 a6 8.
O-O-O Bd7 9. Nde2 h6 10. Bxf6 Qxf6 11. Nf4 Qd8 12. Nh5 Qg5 13. Nf4 Qd8 14. Nh5
Qg5 15. Nf4 Qd8 1/2-1/2

[Event "ICS rated blitz match"]
[Site "204.178.125.65"]
[Date "1999.12.08"]
[Round "?"]
[White "PostModernist"]
[Black "Hossa"]
[Result "1-0"]
[WhiteElo "2624"]
[BlackElo "2524"]
[PlyCount "159"]

1. c4 Nf6 2. g3 g6 3. Nf3 c6 4. b3 d5 5. Bb2 Bg7 6. Bg2 O-O 7. O-O Bf5 8. d3 e6
9. h3 Nh5 10. Bxg7 Nxg7 11. g4 Qf6 12. Nbd2 Bxg4 13. hxg4 Qf4 14. g5 f6 15. e3
Qf5 16. e4 Qf4 17. gxf6 Rxf6 18. Re1 Nd7 19. Qe2 dxc4 20. Nxc4 b5 21. e5 Rff8
22. Nd6 Rad8 23. Rac1 Nb8 24. Qe3 Qg4 25. Nd4 a5 26. Nxc6 Nxc6 27. Rxc6 Qh4 28.
Rc7 Ne8 29. Nxe8 Rdxe8 30. Qb6 b4 31. Re4 Qh5 32. f3 Qg5 33. Qa7 Qh5 34. Rec4
Qxe5 35. Rxh7 Qa1+ 36. Kh2 Ra8 37. Qb7 Rab8 38. Qc7 Rbc8 39. Qd7 Rxc4 40. dxc4
Qe5+ 41. Kg1 Qe1+ 42. Bf1 Qg3+ 43. Kh1 Qxf3+ 44. Bg2 Qc3 45. Qc7 Rf5 46. Kh2
Qd4 47. Rh6 Qg7 48. Qc8+ Kf7 49. Qd7+ Kf6 50. Qxg7+ Kxg7 51. Rh3 Rf2 52. Re3
Rxa2 53. Rxe6 a4 54. bxa4 b3 55. c5 Rxa4 56. c6 g5 57. Re7+ Kg6 58. Rb7 b2 59.
Rxb2 Rc4 60. Rb8 g4 61. Kg3 Kg5 62. Rg8+ Kf5 63. Kh4 Rc2 64. Rxg4 Ke6 65. Rg6+
Ke7 66. Kh5 Kd8 67. Rg7 Kc8 68. Bf3 Rc3 69. Rf7 Rc1 70. Kg5 Rc4 71. Rb7 Kd8 72.
Kf5 Rc3 73. Be4 Re3 74. Kf4 Rc3 75. Ke5 Rc4 76. Bd5 Rc2 77. Kd6 Rb2 78. Rxb2
Kc8 79. Be6+ Kd8 80. Rb8# 1-0

[Event "ICS rated blitz match"]
[Site "204.178.125.65"]
[Date "1999.12.08"]
[Round "?"]
[White "Hossa"]
[Black "PostModernist"]
[Result "0-1"]
[WhiteElo "2512"]
[BlackElo "2636"]
[PlyCount "136"]

1. e4 c5 2. Nf3 Nc6 3. d4 cxd4 4. Nxd4 Nf6 5. Nc3 e6 6. Nxc6 bxc6 7. e5 Nd5 8.
Ne4 Qc7 9. f4 Qb6 10. Bd3 Ba6 11. Bxa6 Qxa6 12. Kf2 Be7 13. Rf1 Qb6+ 14. Kf3 f5
15. Ng3 Qc5 16. Qe2 O-O 17. c4 g5 18. fxg5 Nb6 19. b3 f4 20. Bxf4 Bxg5 21. Nh5
Bxf4 22. Nxf4 Rf5 23. Rae1 d6 24. exd6 e5 25. Kg4 Rxf4+ 26. Rxf4 Nd7 27. Rf5
Qxd6 28. Ref1 Kh8 29. Rf7 e4 30. R7f5 Rg8+ 31. Kh3 Rg6 32. Qxe4 Rh6+ 33. Kg4
Rg6+ 34. Kf3 Nf6 35. Qe3 Ng4 36. Qc3+ Kg8 37. Rh1 Nxh2+ 38. Kf2 c5 39. a3 a6
40. b4 cxb4 41. axb4 Qe6 42. Qd3 Ng4+ 43. Kf3 Ne5+ 44. Rxe5 Rf6+ 45. Ke3 Qxe5+
46. Qe4 Qc3+ 47. Ke2 Qb2+ 48. Ke1 Qf2+ 49. Kd1 Rd6+ 50. Qd5+ Rxd5+ 51. cxd5
Qxg2 52. Rh4 Qf1+ 53. Kc2 Qf2+ 54. Kc3 Qxh4 55. Kd3 Qxb4 56. Ke3 Kf8 57. d6
Qxd6 58. Ke4 Qg3 59. Kd5 Qb3+ 60. Ke5 h5 61. Kd4 h4 62. Ke4 h3 63. Kd4 h2 64.
Ke5 Qe3+ 65. Kd6 h1=Q 66. Kc7 Qc5+ 67. Kb8 Qb6+ 68. Kc8 Qhc6# 0-1

[Event "ICS rated blitz match"]
[Site "204.178.125.65"]
[Date "1999.12.08"]
[Round "?"]
[White "Surgeyy"]
[Black "Hossa"]
[Result "1/2-1/2"]
[WhiteElo "2347"]
[BlackElo "2501"]
[PlyCount "72"]

1. d4 Nf6 2. Bg5 e6 3. e4 h6 4. Bxf6 Qxf6 5. Nf3 d6 6. Nc3 Nd7 7. Qd2 c6 8. Be2
Be7 9. h3 O-O 10. O-O d5 11. Rfe1 Bd8 12. Rad1 Bc7 13. e5 Qe7 14. Bf1 Rb8 15.
Ne2 c5 16. c3 Ba5 17. Qd3 b6 18. Nd2 cxd4 19. cxd4 f6 20. f4 fxe5 21. fxe5 Qf7
22. Qe3 Bb7 23. a3 b5 24. b4 Bb6 25. Nf3 Rbc8 26. Rc1 a6 27. Rxc8 Bxc8 28. Nc1
Bb7 29. Nb3 Nb8 30. Rc1 Nc6 31. Nc5 Ba7 32. Qc3 Rc8 33. Qe3 Rf8 34. Qc3 Rc8 35.
Qe3 Rf8 36. Qc3 Rc8 1/2-1/2